| 000 | 00609nam a22001697a 4500 | ||
|---|---|---|---|
| 005 | 20260218171334.0 | ||
| 008 | 260218b |||||||| |||| 00| 0 eng d | ||
| 020 | _a9789393875143 | ||
| 040 | _cVITAP | ||
| 082 |
_223 _a954.821092 SAN |
||
| 100 |
_aSanthanam, Kausalya _917133 |
||
| 245 |
_aPioneers _b: Stars in The Madras Galaxy _c/ Kausalya Santhanam |
||
| 260 |
_aChennai _bTHG Publishing Pvt Ltd. _c2023 |
||
| 300 | _a215p, ill.: 23cm | ||
| 650 | 0 |
_aBiographical Profiles, Education & Academia, Law & Judiciary, Business & Industry, Arts & Culture, Medicine & Public Health etc. _917134 |
|
| 942 |
_2ddc _cREF |
||
| 999 |
_c47299 _d47299 |
||